Search the Library Catalogue
| 000 -LEADER | |
|---|---|
| fixed length control field | 00686nam a2200217Ia 4500 |
| 008 - FIXED-LENGTH DATA ELEMENTS--GENERAL INFORMATION | |
| fixed length control field | 191130s1996##################000#0#eng## |
| 020 ## - INTERNATIONAL STANDARD BOOK NUMBER | |
| ISBN | 9780820425993 |
| 082 ## - DEWEY DECIMAL CLASSIFICATION NUMBER | |
| Classification number | 700.94309045 NAS.107 |
| 100 ## - MAIN ENTRY--AUTHOR NAME | |
| Personal name | Nash, Douglas |
| 245 ## - TITLE STATEMENT | |
| Title | The politics of space : architecture, painting, and theater in postmodern Germany |
| Statement of responsibility, etc | Douglas Nash |
| 260 ## - PUBLICATION, DISTRIBUTION, ETC. (IMPRINT) | |
| Place of publication | Bern |
| Name of publisher | Peter Lang |
| Year of publication | 1996 |
| 300 ## - PHYSICAL DESCRIPTION | |
| Number of Pages | x, 232 p. ; 24 cm |
| 500 ## - GENERAL NOTE | |
| General note | Includes bibliographical references (p. [211]-232) |
| 650 ## - SUBJECT ADDED ENTRY--TOPICAL TERM | |
| Topical Term | Arts, German - 20th century |
| Topical Term | Postmodernism - Germany |
| 991 ## - | |
| -- | 289508 |
| Withdrawn status | Lost status | Damaged status | Not for loan | Home library | Current library | Shelving location | Date acquired | Full call number | Accession Number | Price effective from | Koha item type |
|---|---|---|---|---|---|---|---|---|---|---|---|
| Anna Centenary Library | Anna Centenary Library | 6TH FLOOR, B WING | 09.10.2020 | 700.94309045 NAS.107 | 222422 | 09.10.2020 | English Books |